| 000 | 01045nam a2200277 i 4500 | ||
|---|---|---|---|
| 003 | DO-SdBNP | ||
| 005 | 20230927110755.0 | ||
| 006 | a||||gr|||| 00| 0 | ||
| 007 | ta | ||
| 008 | 230914e1963 dr ||||| |||| 00| 0 spa d | ||
| 040 |
_aDO-SdBNP _bspa _cBNPHU _erda |
||
| 082 | 4 |
_222 _bS211r |
|
| 100 |
_aTroncoso Sanchez, Pedro _eautor _984281 |
||
| 245 | 1 | 0 |
_aLa restauración y sus enlaces con la historia de occidente / _cPedro Troncoso Sánchez |
| 264 |
_aSanto Domingo : _bMontalvo, _c1963 |
||
| 300 |
_a27 páginas ; _c20 cm. |
||
| 336 |
_2rdacontent _atexto _btxt |
||
| 337 |
_2rdamedia _asin mediación _bn |
||
| 338 |
_2rdacarrier _avolumen _bnc |
||
| 490 |
_aAcademia Dominicana de la Historia. Colección Centenario de la Restauración de la República ; _vvolumes XIII |
||
| 505 | _aContiene: Discurso pronunciado en sesión solemne de la Academia Dominicana de la Historia, 17 ago, 1963. | ||
| 590 | _aInventariado 2023 / DG | ||
| 651 | 4 |
_aRepública Dominicana _xHistoria _yRestauración, 1863-1865 |
|
| 910 | _aDG | ||
| 942 |
_2ddc _cLF2 |
||
| 999 |
_c54965 _d54965 |
||